| 000 | 00707nam a2200193Ii 4500 | ||
|---|---|---|---|
| 003 | JO-AjNU | ||
| 008 | 230605s9999||||xx |||||||||||||| ||und|| | ||
| 040 |
_aJO-AjNU _bara _erda _cJO-AjNU |
||
| 041 | _aara | ||
| 050 | 1 | 4 | _aPJ7862.H411.A17 1900 |
| 100 | 3 |
_aالشلبي، محمود, _eauthor _949452 |
|
| 245 | 0 | 0 | _aأحلام نافذة |
| 264 | 3 | 1 | _aعمان: المؤسسة العربية للدراسات والنشر،1900 ؛ عمان: رابطة الكتاب الأردنيين،1900 ؛ خطة النشر المشترك |
| 300 | _a97ص | ||
| 336 |
_atext _btxt _2rdacontent |
||
| 337 |
_aunmediated _bn _2rdamedia |
||
| 338 |
_avolume _bnc _2rdacarrier |
||
| 650 | 4 |
_aالشعر العربي _949453 |
|
| 999 |
_aA21721 _c25289 _d25289 |
||